Homeland after eighteen years : (Record no. 53450)

MARC details
000 -LEADER
fixed length control field 01646nam a22002777a 4500
005 - DATE AND TIME OF LATEST TRANSACTION
control field 20110630114551.0
010 ## - LCCN (DPL NO)
LC control number ENG-102819 B-463512-516
020 ## - INTERNATIONAL STANDARD BOOK NUMBER
International Standard Book Number 9788174766953
Terms of availability 170.00
035 ## - SYSTEM CONTROL NUMBER
System control number EN-86352 B-463512-516
037 ## - SOURCE OF ACQUISITION
Source of stock number/acquisition DBAD/PUB
037 ## - SOURCE OF ACQUISITION
Source of stock number/acquisition RBC/Ven
082 ## - DEWEY DECIMAL CLASSIFICATION NUMBER
Classification number 881
100 ## - MAIN ENTRY--PERSONAL NAME
Personal name Chowdhury, K.L.
245 ## - TITLE STATEMENT
Title Homeland after eighteen years :
Statement of responsibility, etc by K L Chowdhury
Remainder of title a 48 hour travelogue in Kashmir /
260 ## - PUBLICATION, DISTRIBUTION, ETC. (IMPRINT)
Place of publication, distribution, etc New Delhi
Name of publisher, distributor, etc UBS Publishers Distributors
Date of publication, distribution, etc 2011
270 ## - ADDRESS
Address 5 Ansari Road,Daryaganj,
City New Delhi
Postal code 110002
300 ## - PHYSICAL DESCRIPTION
Extent xv,132p.
Dimensions 22cm (pbk)
942 ## - ADDED ENTRY ELEMENTS (KOHA)
Source of classification or shelving scheme Dewey Decimal Classification
Item type English Books
Call number suffix CHO
Classification part 881
Holdings
Withdrawn status Lost status Not for loan Collection code Home library Current library Date acquired Source of acquisition Cost, normal purchase price Full call number Barcode Copy number Cost, replacement price Koha item type
      Non-fiction Central Library Central Library 05/09/2012 RBC/27482/06.02.2012/18/16.01.2012/17.02.2012 170.00 881 CHO B-463512 1 170.00 English Books
    Not For Loan Non-fiction D.B.Act.Division D.B.Act.Division 30/06/2011 DBAD / PUB 170.00 881 CHW EN-86352 1 170.00 English Books
      Non-fiction Karol Bagh Karol Bagh 05/09/2012 RBC/27482/06.02.2012/18/16.01.2012/17.02.2012 170.00 881 CHO B-463515 1 170.00 English Books
      Non-fiction Patel Nagar Patel Nagar 05/09/2012 RBC/27482/06.02.2012/18/16.01.2012/17.02.2012 170.00 881 CHO B-463513 1 170.00 English Books
      Non-fiction Sarojini Nagar Sarojini Nagar 05/09/2012 RBC/27482/06.02.2012/18/16.01.2012/17.02.2012 170.00 881 CHO B-463514 1 170.00 English Books
      Non-fiction Shahdara Branch Shahdara Branch 05/09/2012 RBC/27482/06.02.2012/18/16.01.2012/17.02.2012 170.00 881 CHO B-463516 1 170.00 English Books

© Delhi Public Library
Hit Counter
free hit counter